[Event "ITA-ch Seniors 50 44th"]
[Site "Macerata"]
[Date "2022.09.30"]
[Round "7"]
[White "Capossela, Fabio"]
[Black "Giorgi, Ezio Alberto"]
[Result "0-1"]
[WhiteElo "1513"]
[BlackElo "1639"]
[PlyCount "81"]
[EventDate "2022.09.25"]
[EventType "swiss"]
[EventRounds "9"]
[EventCountry "ITA"]
[SourceTitle "EXT 2024"]
[Source "ChessBase"]
[SourceDate "2023.10.10"]
[SourceVersion "1"]
[SourceVersionDate "2023.10.10"]
[SourceQuality "1"]

1. c4 e5 2. Nc3 Nc6 3. g3 Nf6 4. Bg2 d6 5. Nf3 h6 6. 0-0 Be6 7. d3 Qd7 8. Re1 Be7 9. Rb1 d5 10. cxd5 Nxd5 11. Nxd5 Bxd5 12. a3 a5 13. Bd2 a4 14. Bc3 Qe6 15. Qc1 0-0 16. h3 f5 17. e4 fxe4 18. dxe4 Ba2 19. Ra1 Bb3 20. Re2 Rad8 21. Qe1 Bc5 22. Kh2 Rf7 23. Nd2 Bc2 24. Nf1 Bb3 25. Nd2 Rfd7 26. Bf3 Qf7 27. Bg4 Rd6 28. h4 Bc2 29. f3 h5 30. Bh3 Nd4 31. Bxd4 Bxd4 32. Rc1 Bd3 33. Bf1 Bxb2 34. Rd1 Bxe2 35. Bxe2 Bc3 36. Qf1 Rxd2 37. Kh1 Qd7 38. Rc1 Qd4 39. Qh3 Rxe2 40. Qe6+ Kh8 41. Qf5 0-1

[Event "ITA-ch Seniors 50 44th"]
[Site "Macerata"]
[Date "2022.09.29"]
[Round "6"]
[White "Giorgi, Ezio Alberto"]
[Black "Pagano, Sergio1111"]
[Result "0-1"]
[WhiteElo "1639"]
[BlackElo "1940"]
[PlyCount "90"]
[EventDate "2022.09.25"]
[EventType "swiss"]
[EventRounds "9"]
[EventCountry "ITA"]
[SourceTitle "EXT 2024"]
[Source "ChessBase"]
[SourceDate "2023.10.10"]
[SourceVersion "1"]
[SourceVersionDate "2023.10.10"]
[SourceQuality "1"]

1. c4 e6 2. Nf3 Nf6 3. g3 d5 4. d4 c5 5. Bg2 Nc6 6. Nc3 Be7 7. 0-0 0-0 8. cxd5 exd5 9. dxc5 Bxc5 10. Bg5 Be7 11. Nd4 h6 12. Nxc6 bxc6 13. Bf4 Be6 14. Qa4 Qb6 15. Qc2 Rac8 16. Be5 Nd7 17. Bf4 g5 18. Be3 d4 19. Na4 Qb4 20. Bd2 Qd6 21. b3 c5 22. Nb2 c4 23. bxc4 Nb6 24. a3 Nxc4 25. Bb4 Qd7 26. Nxc4 Rxc4 27. Qd2 Rfc8 28. Bxe7 Qxe7 29. Rfc1 Bf5 30. Rxc4 Rxc4 31. Qa5 Rc5 32. Qb4 Qe5 33. Rd1 a5 34. Qe1 Rc3 35. Ra1 Qc5 36. h4 Rxa3 37. Rxa3 Qxa3 38. hxg5 Qc3 39. Qd1 hxg5 40. e4 Bg6 41. f3 d3 42. Bf1 Qd4+ 43. Kg2 d2 44. Be2 a4 45. Qb1 a3 0-1

[Event "ITA-ch Seniors 50 44th"]
[Site "Macerata"]
[Date "2022.09.26"]
[Round "2"]
[White "Giorgi, Ezio Alberto"]
[Black "Burgassi, Daniele"]
[Result "1/2-1/2"]
[WhiteElo "1639"]
[BlackElo "1688"]
[PlyCount "38"]
[EventDate "2022.09.25"]
[EventType "swiss"]
[EventRounds "9"]
[EventCountry "ITA"]
[SourceTitle "EXT 2024"]
[Source "ChessBase"]
[SourceDate "2023.10.10"]
[SourceVersion "1"]
[SourceVersionDate "2023.10.10"]
[SourceQuality "1"]

1. c4 Nf6 2. Nf3 c5 3. d4 cxd4 4. Nxd4 e5 5. Nc2 d5 6. cxd5 Qxd5 7. Qxd5 Nxd5 8. e4 Nb4 9. Nxb4 Bxb4+ 10. Bd2 Bxd2+ 11. Nxd2 Nc6 12. Bb5 Bd7 13. 0-0-0 Rc8 14. Kb1 a6 15. Bxc6 Bxc6 16. f3 Ke7 17. b3 Bb5 18. Kb2 Rhd8 19. Nb1 Ke6 1/2-1/2

[Event "Liguria Region-ch"]
[Site "Spotorno"]
[Date "2016.05.14"]
[Round "2"]
[White "Giorgi, Ezio Alberto"]
[Black "Biancotti, Alessandro"]
[Result "1/2-1/2"]
[WhiteElo "1773"]
[BlackElo "1864"]
[PlyCount "104"]
[EventDate "2016.05.13"]
[EventType "swiss"]
[EventRounds "5"]
[EventCountry "ITA"]
[SourceTitle "EXT 2018"]
[Source "ChessBase"]
[SourceDate "2017.10.13"]
[SourceVersion "1"]
[SourceVersionDate "2017.10.13"]
[SourceQuality "1"]

1. d4 Nf6 2. c4 g6 3. Nc3 d5 4. cxd5 Nxd5 5. e3 Bg7 6. Nf3 0-0 7. Bc4 Nxc3 8. bxc3 c5 9. 0-0 Nc6 10. Bb2 cxd4 11. cxd4 Bg4 12. h3 Bf5 13. Qe2 Na5 14. Bd3 Bxd3 15. Qxd3 e5 16. Rfd1 exd4 17. Bxd4 Bxd4 18. Nxd4 Rc8 19. Rac1 Qd5 20. e4 Qe5 21. Nf3 Qe7 22. Qd5 Rxc1 23. Rxc1 Nc6 24. Re1 Rd8 25. Qb5 h6 26. Qb6 Rd7 27. Qb2 Qd6 28. Qb3 Nd4 29. Nxd4 Qxd4 30. Qe3 Qxe3 31. Rxe3 Rd4 32. Re2 Kf8 33. f3 Ke7 34. Kf2 Kd6 35. Ke3 Ra4 36. Rc2 Ra5 37. Kd4 f5 38. exf5 Rxf5 39. Ke4 b5 40. f4 a5 41. g4 Rf7 42. Rd2+ Kc5 43. f5 b4 44. Ke5 gxf5 45. gxf5 Re7+ 46. Kf6 Re3 47. Kg7 Rxh3 48. f6 Rf3 49. f7 Kc4 50. f8Q Rxf8 51. Kxf8 a4 52. Rh2 b3 1/2-1/2